ბათუმის შოთა რუსთაველის სახელმწიფო უნივერსიტეტის ბიბლიოთეკა

მარტის ლუთერის საზოგადოებრივ–პოლიტიკური შეხედულებანი (ბიბ.ჩანაწერი № 34830)

000 -LEADER
fixed length control field 01129nam a2200265Ia 4500
001 - CONTROL NUMBER
control field 641
003 - CONTROL NUMBER IDENTIFIER
control field GE_BSU
008 - FIXED-LENGTH DATA ELEMENTS--GENERAL INFORMATION
fixed length control field 181216s||||||||xx |||||||||||||| ||und||
020 ## - INTERNATIONAL STANDARD BOOK NUMBER
International Standard Book Number 551100541X
040 ## - CATALOGING SOURCE
Transcribing agency GE_BSU
080 ## - UNIVERSAL DECIMAL CLASSIFICATION NUMBER
Universal Decimal Classification number 316(430)(092)+32.001(430)+274.5
100 ## - MAIN ENTRY--PERSONAL NAME
Personal name კუტალია,გურამ
245 ## - TITLE STATEMENT
Title მარტის ლუთერის საზოგადოებრივ–პოლიტიკური შეხედულებანი
245 ## - TITLE STATEMENT
Statement of responsibility, etc. რედ. გ.ჟორდანია
260 ## - PUBLICATION, DISTRIBUTION, ETC.
Place of publication, distribution, etc. თბილისი
260 ## - PUBLICATION, DISTRIBUTION, ETC.
Name of publisher, distributor, etc. თბილისის უნივერსიტეტის გამ–ბა
260 ## - PUBLICATION, DISTRIBUTION, ETC.
Date of publication, distribution, etc. 1993
300 ## - PHYSICAL DESCRIPTION
Extent 225გვ.
653 ## - INDEX TERM--UNCONTROLLED
Uncontrolled term მარტის ლუთერის საზოგადოებრივ–პოლიტიკური შეხედულებანი
653 ## - INDEX TERM--UNCONTROLLED
Uncontrolled term პოლიტიკა
653 ## - INDEX TERM--UNCONTROLLED
Uncontrolled term საზოგადოება
653 ## - INDEX TERM--UNCONTROLLED
Uncontrolled term საზოგადოებრივ–პოლიტიკური შეხედულებანი
942 ## - ADDED ENTRY ELEMENTS (KOHA)
Koha item type წიგნი
ეგზემპლარები
Withdrawn status Lost status Damaged status Not for loan Date acquired Barcode Date last seen Price effective from Koha item type
        2018-12-17 1262 2018-12-17 2018-12-17 წიგნი